| 000 | 00792cam a2200241 a 4500 | ||
|---|---|---|---|
| 001 | 000008283 | ||
| 005 | 20200929161325.0 | ||
| 008 | 020304s2002 pr a 000 0 spa | ||
| 020 | _a1563281910 | ||
| 040 |
_aDO-SdBNP _cDLC |
||
| 082 |
_aPR863.5 _bR175j |
||
| 100 | 1 |
_aRamos, Juan Antonio, _d1948- _922420 |
|
| 245 | 1 | 3 |
_aEl jockey / _cJuan Antonio Ramos. |
| 260 |
_aSan Juan, (Puerto Rico) : _bEditorial Plaza Mayor, _c2002. |
||
| 300 |
_a149 p. : _bill. ; _c21 cm. |
||
| 490 | 1 | _aBiblioteca de autores de Puerto Rico | |
| 490 | 1 | _aNovela | |
| 650 | 4 |
_aNovela puertorriqueña _91185 |
|
| 650 | 4 |
_aLiteratura puertorriqueña _9250 |
|
| 650 | 4 |
_aLiteratura latinoaméricana _94717 |
|
| 830 | 0 |
_aBiblioteca de autores de Puerto. Rico _pNovela _922430 |
|
| 910 | _aCatalogación por copia / LC | ||
| 999 |
_c8054 _d8054 |
||